40 personnages de jeux vidéos en images - Statistiques

Statistiques générales
  • Ce quiz a été pris 209 fois
  • Le résultat moyen est 20 sur 40
Statistiques - réponses
Par images Réponse % Correct
Pac Man
94%
Waluigi
89%
Rayman
88%
Steve
85%
Lara Croft
82%
Kirby
81%
Ronflex
77%
Spyro
71%
Diddy Kong
68%
Freddy
68%
Kratos
67%
Knuckles
66%
Ganondorf
63%
Crash Bandicoot
60%
Jinx
59%
Professeur Layton
59%
Tom Nook
58%
Ellie
54%
Megaman
54%
Ezio
52%
Bayonetta
50%
Nathan Drake
48%
Sora
44%
Sub Zero
41%
Chun Li
38%
Geralt de Riv
38%
Sephiroth
37%
Aloy
32%
Duke Nukem
28%
Agent 47
27%
Leon Kennedy
27%
Dante
26%
Samus Aran
26%
Trevor Philips
26%
Alex Kidd
15%
Gordon Freeman
15%
Psycho Mantis
15%
Abe
12%
Sam Fisher
12%
Vaas Montenegro
7%
Aucun quiz correspondant
Distribution des résultats
% des personnes avec chaque résultat
Percentile par nombre de réponses
Votre historique - résultats
Vous n’avez pas pris ce quiz